Salt Lake City Trivia - Statistics

General Stats
  • This quiz has been taken 40 times
    33 since last reset
  • The average score is 10 of 17
Answer Stats
Question Answer % Correct
What U.S. state is Salt Lake City part of? Utah
100%
What religious group accounts for about 49% of Salt Lake County's population? Latter-day Saints
88%
What event did Salt Lake City host in 2002, and is scheduled to host again in 2034? Winter Olympics
88%
What is Salt Lake City's NBA team? Utah Jazz
82%
What pioneer and religious leader founded the city in 1847? Brigham Young
76%
What famous choir has performed there for over 100 years? {Tabernacle} Choir
65%
What are the three largest suburbs in the Salt Lake City metro area? West Valley City
59%
What is Salt Lake City's NHL team? Utah Mammoth
53%
What are the three largest suburbs in the Salt Lake City metro area? West Jordan
53%
What huge salt flat, known for high vehicle speed records, is west of Salt Lake City? Bonneville
47%
What arid region of the western U.S. is Salt Lake City located in? Great Basin
47%
What historic building complex is Salt Lake City's grid pattern centered around? {Temple} Square
47%
What are the three largest suburbs in the Salt Lake City metro area? Sandy
41%
What flower appears on the flag of Salt Lake City? {Sego} lily
41%
What is Salt Lake City's broader urban region called? {Wasatch} Front
35%
What bank did he found and was the first president of? (it still exists today) {Zion}s Bank
18%
What is the nickname of Salt Lake City? {Crossroads} of the West
12%
No matching quizzes found
Score Distribution
Percent of People with Each Score
Percentile by Number Answered
Your Score History
You have not taken this quiz since the last reset